00590nam a22001937a 4500020002200000082001900022100001600041245005900057260003800116300001000154650002200164650001800186650002200204650001900226650001200245942000700257999001900264952011300283 a978-93-49946-58-3 a954.035bVIS/A aVishnu K P. aAmbedkarude rashtravum desheeyathayum/cby Vishnu K P. a Kozhikode: bAtma Books, c2025. a168p. aHistory Ambedkar  a Caste System aAmbedkar Studies  aDalit Studies  aHistory cBK c181819d181819 00104070aSSUSbSSUScSTACKSd2026-05-26g330.00l0oAMB 954.035 VIS/Ap108958r2026-05-26w2026-05-26yBK